| 000 | 00676nam a2200205 i 4500 | ||
|---|---|---|---|
| 001 | 180943 | ||
| 003 | ES-MaACL | ||
| 005 | 20250702063128.0 | ||
| 008 | 120831119501959sp |||| | spa d | ||
| 100 | 1 |
_aWilde, Oscar, _d1854-1900 _9241147 |
|
| 245 | 1 | 3 |
_aEl fantasma de Canterville / _cOscar Wilde ; versión española de Mario Lacruz ; portada de Coll. |
| 260 |
_aBarcelona : _bEdiciones G. P., _c[195-] |
||
| 300 |
_a96 p. ; _c11 cm. |
||
| 490 | 1 |
_aEnciclopedia pulga ; _v5 |
|
| 700 | 0 |
_aLacruz, Mario. _969412 |
|
| 700 | 0 |
_aColl, Alejandro. _939607 |
|
| 830 | 0 |
_aEnciclopedia pulga ; _v5 _9191296 |
|
| 852 |
_aES-MaACL _j2311-F-31 |
||
| 999 |
_c180943 _d180943 |
||